000 03035nam a22003257a 4500
007 cr
008 230622e20230427ag |||||om||| 00| 0 spa d
040 _cAR-FvUNAJ
_dAR-FvUNAJ
_eaacr2
041 _aspa
100 1 _917277
_aBattistella, Mariana
245 1 0 _aDeterminación de la sensibilidad y especificidad de marcadores cardiacos de interés en el diagnóstico del síndrome coronario agudo en un laboratorio de guardia /
_cMariana Battistella
260 _aFlorencio Varela :
_bUniversidad Nacional Arturo Jauretche,
_c2023
300 _a44 p. :
_bdigital
502 _bTesis para obtener el titulo de Bioquímico/a
_cUniversidad Nacional Arturo Jauretche.
520 2 _aEl desarrollo experimental de la presente tesina se realizó en el Laboratorio de la Unidad de Pronta Atención N° 11 de Florencio Varela con el objetivo de determinar la sensibilidad, especificidad y los valores predictivos positivo y negativo de los biomarcadores utilizados para el diagnóstico del Síndrome Coronario y evaluar si las enfermedades preexistentes pueden predisponer a la mencionada patología.Se verificó que los participantes cumplan con todos los criterios de inclusión y exclusión debido a que el tipo de muestreo es probabilístico. La selección de los individuos se realizó sobre la población de aquellos pacientes que ingresaron con síntomas sugerentes de Síndrome Coronario Agudo y que posteriormente, fueron diagnosticados en forma definitiva con algunas de las siguientes patologías: IAM-SCACEST, SCASEST, SCA, DOLOR PRECORDIAL, INSUFICIENCIA CARDIACA y ARRITMIA. Los datos obtenidos por la determinación de las pruebas de biomarcadores cardiacos arrojaron resultados cuantitativos. La población de estudio incluyó 360 pacientes con una edad entre 35 y 95 años incluyendo la respectiva solicitud médica para la determinación de los biomarcadores: CK, LDH, Tn I, Mio y Ck-MB y el análisis posterior de las historias clínicas para conocer el diagnóstico definitivo. Para cada uno de los marcadores se calcularon la sensibilidad, la especificidad y los valores predictivos positivo y negativo. Se encontró que el marcador más sensible fue CK y que el marcador más específico fue Tn I.
540 _aEsta obra está bajo una Licencia Creative Commons. Atribución – No comercial 4.0
_uhttps://creativecommons.org/licenses/by-nc/4.0/
630 0 0 _911366
_aBioquímica
650 2 7 _2decs
_914351
_aSÍNDROME CORONARIO AGUDO
650 2 4 _917281
_aENZIMAS CARDIACAS
650 2 7 _2decs
_917282
_aTROPONINA I
650 2 7 _2decs
_91904
_aINFARTO DE MIOCARDIO
650 2 7 _2decs
_917284
_aSENSIBILIDAD Y ESPECIFICIDAD
700 1 _914609
_aVerna, Juan A.
_eDirector
700 1 _914567
_aGuardatti, Sergio Salvador
_eCodirector
700 1 _912478
_aArburúa, Antonella Noemí
_eCodirectora
856 4 1 _qapplication/pdf
_uhttps://rid.unaj.edu.ar/handle/123456789/2028
942 _2ddc
_cTF
980 _620072
_a Matías Regueira
_820072
_g Matías Regueira
999 _c8836
_d8836